000 01310nam a2200349 c 4500
999 _c346262
_d346262
003 BLK
005 20240724095003.0
008 180409b bul|||||r ||||||| ||bul||
010 _aKNG00144122000
020 _a9789542823728
040 _aBLK
041 _aBUL
_cBUL
080 _aАмериканска литература (на САЩ)
_b821.111(73)
_x-312.4
_z821.111(73)-312.4
100 _aСантополо, Джил
_eпърви автор
_91299
139 _aСантополо, Джил
_bС 12
245 1 0 _aСветлината, която изгубихме
_bРоман
_cДжил Сантополо; прев. от англ. Анелия Янева.
257 _aUSA
260 _aСофия
_bСиела Норма
_c2017
_fАлианс принт
_9217021
_n978-954-28-
300 _a272с.
_c21 см
380 _aX
500 _aОриг. загл. The Light We Lost / Jill Santopolo.
700 _aЯнева, Анелия
_eпрев. от англ.
_9365790
852 _bП
_cП 820(73)-31/С 12
856 4 _qpdf
_i0.00
_ldisable
856 4 _qpdf
_i0.00
_ldisable
942 _cKNG
_n0
_072
_s1
944 _aCR
_c2019-11-08
_lЦветелина Шанова
_k30531
944 _aED
_c2019-11-08
_l2019-11-08
_kК.Д.
999 _d346262
999 _d346262
999 _d138141